000 01170nam2a22002411 4500
001 rc\182310
005 20250621061837.0
035 _a(NLR Aleph) 005618245
090 _a6472852
_c6472852
100 _a20030307d1996 |||y0rusy50 ca
101 0 _arus
102 _aRU
105 _aa |||||||||
200 1 _aДиагностика компрессорных станций и технологического оборудования
210 _d1996
_aБ. м.
215 _a66 с.
_cграф.
320 _aБиблиогр.: с. 27, 38
461 0 _1001rc\182308
_12001#$aШестая Международная деловая встреча "Диагностика-96" (Ялта, апр. 1996 г.)$e(Докл. и сообщ.)$vТ. 2
_96472836
_a"Диагностика-96", международная деловая встреча (6 ; ; Ялта)
_cМ.
_d1996
_nИРЦ Газпром
_o(Докл. и сообщ.)
_tШестая Международная деловая встреча "Диагностика-96" (Ялта, апр. 1996 г.)
_vТ. 2
801 0 _aRU
_bNLR
_gpsbo
801 1 _aRU
_bELAR
_2rusmarc
852 _aNLR
_j97-3/5863
942 _cBOOK
980 _aNB